116_ Personnalités nées un 26 avril par images - Statistiques

Statistiques générales
  • Ce quiz a été pris 37 fois
  • Le résultat moyen est 2 sur 9
Statistiques - réponses
Par images Hint Réponse % Correct
Première Dame Melania Trump
100%
Écrivain William Shakespeare
38%
Reine Marie de Médicis
27%
Peintre Eugène Delacroix
22%
Militant Guy Môquet
11%
Acteur Jet Li
11%
Dirigeant Politique Marc Aurèle
11%
Écrivain Sylvain Tesson
8%
Actrice Jordana Brewster
5%
Aucun quiz correspondant
Distribution des résultats
% des personnes avec chaque résultat
Percentile par nombre de réponses
Votre historique - résultats
Vous n’avez pas pris ce quiz